00331nam a2200133Ia 4500008004100000041000800041082001700049100001700066245002600083250000600109260003800115300001300153650003100166210716s1991 xx 000 0 und d aeng a005.268 JAMK aJamsa, Kris. aABC'S of windows 3.0. a1 aNew DelhibBPB Publicationsc1991 axxvi,327 aMicrosoft Windows(005.269)